[Event "Manhem Chessweek IM"]
[Site "www.ssmanhem.se"]
[Date "2014.08.13"]
[Round "6"]
[White "Arnelind, Mikael"]
[Black "Poley, Vladimir"]
[Result "1-0"]
[WhiteElo "2167"]
[BlackElo "2290"]
[PlyCount "71"]
[EventDate "2014.??.??"]

1. d4 g6 2. c4 Bg7 3. e4 Nc6 4. Nf3 d6 5. Be2 e5 6. Bg5 f6 7. Be3 Nh6 8. d5 Ne7
9. h3 f5 10. Nc3 O-O 11. Ng5 f4 12. Bc1 Nef5 13. Nf3 Nd4 14. Nb5 Nxe2 15. Qxe2
a6 16. Nc3 b5 17. cxb5 axb5 18. b4 Bd7 19. Bb2 Nf7 20. a3 Rb8 21. Rc1 Ng5 22.
Nb1 Nxf3+ 23. Qxf3 Rf7 24. Nd2 Qg5 25. Rxc7 Bf6 26. Rc2 Bd8 27. Nb3 h5 28. Na5
Bxa5 29. bxa5 b4 30. axb4 Rxb4 31. O-O Rxe4 32. Qxe4 f3 33. g3 Rf4 34. Bc1 Bxh3
35. Bxf4 Qg4 36. Rfc1 1-0

[Event "Manhem Chessweek IM"]
[Site "www.ssmanhem.se"]
[Date "2014.08.13"]
[Round "6"]
[White "Fries Nielsen, Jens Ove"]
[Black "Bruedigam, Martin"]
[Result "1/2-1/2"]
[WhiteElo "2401"]
[BlackElo "2342"]
[PlyCount "85"]
[EventDate "2014.??.??"]

1. e4 e5 2. Nf3 Nc6 3. Be2 Nf6 4. d3 Be7 5. c4 Bc5 6. Nc3 d6 7. O-O h6 8. Be3
O-O 9. d4 exd4 10. Nxd4 Nxd4 11. Bxd4 Bb6 12. f4 Re8 13. Bxb6 axb6 14. Bd3 Bd7
15. Qd2 Bc6 16. Rae1 Re7 17. Re3 Qe8 18. Rfe1 Ng4 19. R3e2 Nf6 20. b4 Qc8 21.
b5 Bd7 22. e5 dxe5 23. fxe5 Nh7 24. Nd5 Re8 25. Rf1 Nf8 26. Qf4 Be6 27. Nf6+
Kh8 28. Re3 Ng6 29. Bxg6 fxg6 30. Nxe8 Qxe8 31. a3 Kh7 32. Qe4 Qe7 33. Rg3 Bf5
34. Qe3 Rd8 35. Re1 Qe6 36. Qc3 h5 37. Rge3 h4 38. h3 g5 39. c5 Rd5 40. cxb6
Qxb6 41. a4 Be6 42. Kh2 c5 43. Rd3 1/2-1/2

[Event "Manhem Chessweek IM"]
[Site "www.ssmanhem.se"]
[Date "2014.08.13"]
[Round "6"]
[White "Bengtsson, Jonas"]
[Black "Berggren Torell, Harald"]
[Result "0-1"]
[WhiteElo "2087"]
[BlackElo "2131"]
[PlyCount "66"]
[EventDate "2014.??.??"]

1. d4 d6 2. Nf3 g6 3. c4 Bg7 4. e4 Bg4 5. d5 a5 6. Nc3 Na6 7. Be3 Nf6 8. Be2
O-O 9. O-O Nc5 10. h3 Bxf3 11. Bxf3 Nfd7 12. Qd2 e6 13. dxe6 fxe6 14. Bh6 Qh4
15. Bxg7 Kxg7 16. Qe3 Ne5 17. Be2 g5 18. Kh2 Qf4+ 19. Qxf4 gxf4 20. Rad1 Kf6
21. Rd2 Rf7 22. b3 Rg8 23. Rfd1 Rfg7 24. Bf1 f3 25. g3 h5 26. Re1 h4 27. g4 Kg5
28. Re3 Kf4 29. Kh1 Ncd7 30. Nb5 Nc5 31. Rd4 Nc6 32. Rd2 Nxe4 33. Rc2 Nxf2+ 0-1

[Event "Manhem Chessweek IM"]
[Site "www.ssmanhem.se"]
[Date "2014.08.13"]
[Round "7"]
[White "Poley, Vladimir"]
[Black "Fries Nielsen, Jens Ove"]
[Result "0-1"]
[WhiteElo "2290"]
[BlackElo "2401"]
[PlyCount "130"]
[EventDate "2014.??.??"]

1. Nf3 g6 2. g3 Bg7 3. d4 e6 4. Bg2 Ne7 5. c4 d6 6. Nc3 Nd7 7. O-O O-O 8. b3 a6
9. e3 Rb8 10. Qe2 b5 11. Rd1 Bb7 12. Bd2 b4 13. Na4 c5 14. Rac1 Qc7 15. Be1 Bc6
16. Nb2 Qb7 17. Nd3 a5 18. Nf4 Nf6 19. dxc5 dxc5 20. Ne5 Bxg2 21. Nxg2 a4 22.
f3 Ra8 23. g4 axb3 24. axb3 Ne4 25. Nd3 Ng5 26. Nh4 Qc7 27. Bg3 e5 28. Ng2 Ra3
29. Rb1 Rfa8 30. Nge1 f5 31. h4 Ne6 32. Qh2 Nc6 33. Nc2 Ra2 34. Rd2 Rf8 35.
gxf5 gxf5 36. Qh3 Qf7 37. Kh1 Qh5 38. Rf2 Rd8 39. Nce1 Ra7 40. Qh2 f4 41. exf4
Qf5 42. fxe5 Rxd3 43. Nxd3 Qxd3 44. Rg1 Rf7 45. Qg2 Ncd4 46. f4 Qf5 47. Qd5 h6
48. Bh2 Kh7 49. Rg3 Bxe5 50. Re3 Bg7 51. Qxf5+ Rxf5 52. Ra2 Kg6 53. Ra6 Kf6 54.
Kg2 Rh5 55. Bg3 Kf5 56. Rd6 Nxf4+ 57. Kf2 Nde6 58. Kf3 Nd4+ 59. Kf2 Be5 60. Rd8
Nde6 61. Rd5 Kf6 62. Bxf4 Nxf4 63. Rxc5 Bd4 64. Rc6+ Kf5 65. Kf3 Rxh4 0-1

[Event "Manhem Chessweek IM"]
[Site "www.ssmanhem.se"]
[Date "2014.08.13"]
[Round "7"]
[White "Bruedigam, Martin"]
[Black "Karlsson, Lars"]
[Result "1/2-1/2"]
[WhiteElo "2342"]
[BlackElo "2426"]
[PlyCount "87"]
[EventDate "2014.??.??"]

1. e4 e6 2. d4 d5 3. exd5 exd5 4. Bd3 Bd6 5. Qf3 c6 6. Ne2 Qf6 7. Qxf6 Nxf6 8.
Bf4 Ke7 9. h3 Be6 10. Nd2 Nbd7 11. c3 b6 12. O-O-O Bxf4 13. Nxf4 g5 14. Ne2
Rag8 15. Rde1 Nf8 16. Ng3 Ng6 17. Nf5+ Kd7 18. g3 h5 19. h4 g4 20. Re2 Ne7 21.
Nxe7 Kxe7 22. Rhe1 Kd6 23. Nf1 c5 24. Ne3 Rc8 25. Kb1 c4 26. Bc2 b5 27. Ng2 Ne4
28. Bxe4 dxe4 29. Nf4 f5 30. Kc1 a5 31. a3 Bf7 32. Kd2 Ra8 33. Ra1 Ra6 34. Ree1
Ke7 35. Ra2 Rb8 36. Ke3 Rab6 37. Rea1 R8b7 38. Ne2 Kf6 39. Nf4 Rd7 40. Ne2 Rdd6
41. Nf4 Rd8 42. Ne2 Rdd6 43. Nf4 Rd8 44. Ne2 1/2-1/2

[Event "Manhem Chessweek IM"]
[Site "www.ssmanhem.se"]
[Date "2014.08.13"]
[Round "7"]
[White "Brustkern, Juergen"]
[Black "Lindgren, Philip"]
[Result "1/2-1/2"]
[WhiteElo "2255"]
[BlackElo "2317"]
[PlyCount "75"]
[EventDate "2014.??.??"]

1. e4 c6 2. d4 d5 3. f3 dxe4 4. fxe4 e5 5. Nf3 Bg4 6. c3 Nd7 7. Bd3 Ngf6 8. O-O
Bd6 9. Nbd2 Qc7 10. h3 Bh5 11. Qc2 O-O 12. Nc4 Rae8 13. Bg5 b5 14. Nxd6 Qxd6
15. Bxf6 Bxf3 16. Bh4 Bh5 17. Bg3 Bg6 18. Kh2 Qe6 19. Rfe1 h5 20. Qf2 f5 21.
exf5 Bxf5 22. Bxf5 Rxf5 23. Qe2 e4 24. a4 a6 25. axb5 axb5 26. Rf1 e3 27. Rxf5
Qxf5 28. Rf1 Qe6 29. Kg1 g6 30. Rf3 Nf6 31. Be5 Nd5 32. b3 Rf8 33. Rxf8+ Kxf8
34. c4 bxc4 35. bxc4 Nb6 36. Qxe3 Nxc4 37. Qb3 Ke7 38. Qb4+ 1/2-1/2

[Event "Manhem Chessweek IM"]
[Site "www.ssmanhem.se"]
[Date "2014.08.13"]
[Round "7"]
[White "Åkesson, Joel"]
[Black "Bengtsson, Jonas"]
[Result "1/2-1/2"]
[WhiteElo "2283"]
[BlackElo "2087"]
[PlyCount "47"]
[EventDate "2014.??.??"]

1. c4 Nf6 2. g3 c5 3. Bg2 d5 4. cxd5 Nxd5 5. Nc3 Nc7 6. Nf3 Nc6 7. O-O e5 8. a3
Rb8 9. d3 Be7 10. Nd2 Bd7 11. a4 O-O 12. Nc4 f6 13. f4 Ne6 14. Nd5 Kh8 15. Bd2
exf4 16. gxf4 Ned4 17. e3 Nf5 18. Qe1 Rc8 19. Rd1 Be6 20. Nxe7 Qxe7 21. e4 Nfd4
22. Qf2 Bg4 23. Rde1 Nc2 24. Rb1 1/2-1/2

[Event "Manhem Chessweek IM"]
[Site "www.ssmanhem.se"]
[Date "2014.08.13"]
[Round "7"]
[White "Berggren Torell, Harald"]
[Black "Arnelind, Mikael"]
[Result "1/2-1/2"]
[WhiteElo "2131"]
[BlackElo "2167"]
[PlyCount "87"]
[EventDate "2014.??.??"]

1. e4 e6 2. Qe2 d5 3. d3 Nc6 4. Nf3 Nf6 5. g3 dxe4 6. dxe4 Bc5 7. Bg2 e5 8. O-O
O-O 9. c3 a5 10. Qb5 Qe7 11. Bg5 Bd6 12. Nbd2 Bd7 13. Qd3 Rfd8 14. Nh4 h6 15.
Nf5 Bxf5 16. Bxf6 Qxf6 17. exf5 Bc5 18. Qc2 Rab8 19. Be4 Ne7 20. Nf3 Nc8 21. h4
Nd6 22. b3 Re8 23. Rae1 Rbd8 24. Kg2 c6 25. g4 Nxe4 26. Qxe4 g6 27. fxg6 Qxg6
28. Qxg6+ fxg6 29. Rxe5 Rxe5 30. Nxe5 Rd2 31. a4 Rc2 32. Nc4 b6 33. Rd1 Rxc3
34. Rd8+ Kg7 35. Rd7+ Kg8 36. Rc7 Rxb3 37. Rxc6 Rb4 38. Nxa5 Rxg4+ 39. Kf3 Rxa4
40. Nb7 Rxh4 41. Nxc5 bxc5 42. Rxg6+ Kf7 43. Rc6 Rh5 44. Ke4 1/2-1/2

[Event "Manhem Chessweek IM"]
[Site "www.ssmanhem.se"]
[Date "2014.08.14"]
[Round "8"]
[White "Arnelind, Mikael"]
[Black "Åkesson, Joel"]
[Result "1/2-1/2"]
[WhiteElo "2167"]
[BlackElo "2283"]
[PlyCount "61"]
[EventDate "2014.??.??"]

1. d4 Nf6 2. c4 e6 3. Nc3 Bb4 4. e3 b6 5. Bd3 Bb7 6. Nf3 O-O 7. O-O Bxc3 8.
bxc3 Be4 9. Be2 d6 10. Nd2 Bb7 11. f3 Re8 12. e4 e5 13. Rf2 c5 14. d5 Nbd7 15.
Nf1 Nf8 16. Bg5 h6 17. Bd2 Bc8 18. Ne3 N6h7 19. Nf5 Ng6 20. g3 Bxf5 21. exf5
Ngf8 22. h4 e4 23. fxe4 Rxe4 24. Bd3 Re8 25. Bf4 Qf6 26. Qd2 Nd7 27. Raf1 Ne5
28. Be2 Qe7 29. Rg2 Rad8 30. Qc2 Kh8 31. Bd2 1/2-1/2

[Event "Manhem Chessweek IM"]
[Site "www.ssmanhem.se"]
[Date "2014.08.14"]
[Round "8"]
[White "Fries Nielsen, Jens Ove"]
[Black "Berggren Torell, Harald"]
[Result "1-0"]
[WhiteElo "2401"]
[BlackElo "2131"]
[PlyCount "41"]
[EventDate "2014.??.??"]

1. d4 d6 2. Nc3 g6 3. e4 Bg7 4. Be3 a6 5. a4 Nf6 6. h3 O-O 7. a5 Nc6 8. Nf3 e5
9. d5 Ne7 10. g4 h5 11. g5 Nh7 12. Rg1 Kh8 13. Nh4 Qe8 14. Be2 Bxh3 15. Bxh5
gxh5 16. Qxh5 Qd7 17. Rg3 Kg8 18. O-O-O Rfc8 19. Rh1 c6 20. Rgxh3 Nf8 21. Rf3
1-0

[Event "Manhem Chessweek IM"]
[Site "www.ssmanhem.se"]
[Date "2014.08.14"]
[Round "8"]
[White "Bengtsson, Jonas"]
[Black "Brustkern, Juergen"]
[Result "1/2-1/2"]
[WhiteElo "2087"]
[BlackElo "2255"]
[PlyCount "40"]
[EventDate "2014.??.??"]

1. d4 Nf6 2. c4 g6 3. Nc3 Bg7 4. e4 d6 5. Nf3 O-O 6. Be2 Nbd7 7. O-O e5 8. Re1
Re8 9. Bf1 exd4 10. Nxd4 Nc5 11. f3 a5 12. Be3 Bd7 13. Qd2 a4 14. Ndb5 b6 15.
Rab1 Nh5 16. g4 Nf6 17. Bg2 Be6 18. b4 axb3 19. axb3 h5 20. g5 Nh7 1/2-1/2

[Event "Manhem Chessweek IM"]
[Site "www.ssmanhem.se"]
[Date "2014.08.14"]
[Round "8"]
[White "Brüdigam, Martin"]
[Black "Poley, Vladimir"]
[Result "1-0"]
[WhiteElo "2342"]
[BlackElo "2290"]
[PlyCount "101"]
[EventDate "2014.??.??"]

1. e4 g6 2. d4 Bg7 3. Nc3 c6 4. Nf3 d5 5. h3 dxe4 6. Nxe4 Nd7 7. c3 Ngf6 8.
Nxf6+ Nxf6 9. Bf4 Nd5 10. Be5 f6 11. Bh2 Be6 12. Be2 O-O 13. O-O Bf7 14. Re1
Bh6 15. Nd2 Nf4 16. Bc4 c5 17. Qf3 e5 18. dxe5 fxe5 19. Rad1 Qc7 20. Qe4 Rae8
21. Bxf4 Bxf4 22. Bxf7+ Qxf7 23. Nc4 Re6 24. Rd5 b6 25. Re2 Qf6 26. a4 Rfe8 27.
g3 Bh6 28. Kg2 Bg7 29. Rd7 a6 30. Ne3 Rd6 31. Rd2 Rxd2 32. Rxd2 b5 33. axb5
axb5 34. Qd5+ Kh8 35. Qxc5 Rf8 36. Qd5 h5 37. Qe4 Bh6 38. Re2 Bg7 39. b3 Kh7
40. c4 bxc4 41. bxc4 Qb6 42. Rd2 Qb4 43. Rd7 Qe1 44. Qc2 Rf6 45. h4 Qa5 46. Nd5
Ra6 47. Qe4 Qa4 48. Re7 Qa1 49. Nc7 Ra7 50. Re6 Rxc7 51. Qxg6+ 1-0

[Event "Manhem Chessweek IM"]
[Site "www.ssmanhem.se"]
[Date "2014.08.14"]
[Round "8"]
[White "Karlsson, Lars"]
[Black "Lindgren, Philip"]
[Result "0-1"]
[WhiteElo "2426"]
[BlackElo "2317"]
[PlyCount "90"]
[EventDate "2014.??.??"]

1. Nf3 d5 2. b3 Bg4 3. Bb2 Bxf3 4. exf3 Nf6 5. f4 e6 6. g3 g6 7. Bg2 Bg7 8. O-O
O-O 9. Re1 a5 10. a4 Ne8 11. Bxg7 Kxg7 12. Nc3 c6 13. Ne2 Qf6 14. c3 Nd6 15.
Nd4 Nd7 16. Nf3 Rfd8 17. Ne5 d4 18. Ng4 Qe7 19. cxd4 h5 20. Ne5 Nf5 21. d5 cxd5
22. Bh3 Nxe5 23. Rxe5 Nd4 24. Re3 Rac8 25. Rc3 Rc6 26. Rxc6 bxc6 27. Rc1 Rb8
28. Rc3 Qb4 29. Bf1 Nxb3 30. Qe1 Nd4 31. Qe5+ Kh7 32. Kg2 Rb7 33. Ba6 Re7 34.
Bd3 Kg8 35. f5 exf5 36. Qf6 Re6 37. Qh4 Kg7 38. Ba6 Re4 39. Qd8 Qxa4 40. Bd3
Re6 41. Rc1 Nb3 42. Rb1 Qb4 43. Bxf5 Rf6 44. Re1 Rxf5 45. Re8 Qd4 0-1

[Event "Manhem Chessweek IM"]
[Site "www.ssmanhem.se"]
[Date "2014.08.15"]
[Round "9"]
[White "Brustkern, Jürgen"]
[Black "Arnelind, Mikael"]
[Result "0-1"]
[WhiteElo "2255"]
[BlackElo "2167"]
[PlyCount "86"]
[EventDate "2014.??.??"]

1. c4 Nf6 2. Nc3 e6 3. e4 d5 4. e5 d4 5. exf6 dxc3 6. bxc3 Qxf6 7. Nf3 Nc6 8.
d4 e5 9. Bg5 Qg6 10. d5 Nb8 11. Qd2 f6 12. Be3 Na6 13. h4 Nc5 14. h5 Qf7 15.
Qb2 b6 16. Be2 Bd6 17. Nd2 Bf5 18. Bxc5 Bxc5 19. g4 Bd7 20. Ne4 Be7 21. O-O-O
Bd6 22. f3 Qe7 23. Qc2 Ba3+ 24. Kd2 O-O-O 25. Bd3 g6 26. g5 fxg5 27. Rdg1 gxh5
28. Rxg5 Rhg8 29. Rgxh5 Rg2+ 30. Be2 Qf7 31. Qd3 Kb8 32. Rxh7 Qf8 33. Qe3 Bb2
34. Ke1 Bf5 35. Kf1 Bxh7 36. Kxg2 Bxe4 37. Qxe4 Bxc3 38. Qg6 Qc5 39. Qg5 Rf8
40. Bd3 e4 41. Bxe4 Qxc4 42. Rf1 Bd4 43. Qd2 Rg8+ 0-1

[Event "Manhem Chessweek IM"]
[Site "www.ssmanhem.se"]
[Date "2014.08.15"]
[Round "9"]
[White "Åkesson, Joel"]
[Black "Fries-Nielsen, Jens Ove"]
[Result "1-0"]
[WhiteElo "2283"]
[BlackElo "2401"]
[PlyCount "92"]
[EventDate "2014.??.??"]

1. c4 b6 2. Nc3 Bb7 3. e4 g6 4. Nge2 a6 5. d4 b5 6. a3 Bg7 7. Be3 h5 8. cxb5
axb5 9. Nf4 c6 10. Bd3 e5 11. dxe5 Bxe5 12. Bc2 Qg5 13. g3 Qe7 14. O-O h4 15.
Nd3 d6 16. Nxe5 dxe5 17. b4 Nd7 18. Qd2 Qe6 19. f3 hxg3 20. hxg3 Ngf6 21. g4
Rh3 22. Qg2 Rh7 23. a4 Qc4 24. Qd2 O-O-O 25. Bd3 Qe6 26. Qa2 Qe7 27. axb5 Rdh8
28. Qg2 Rh3 29. bxc6 Bxc6 30. b5 Bb7 31. Rfc1 Kd8 32. g5 Qe6 33. Bf1 R3h4 34.
gxf6 Nxf6 35. Nd5 Rh1+ 36. Qxh1 Rxh1+ 37. Kxh1 Nxd5 38. exd5 Qf5 39. Bg2 Ke8
40. Rd1 Kf8 41. Kg1 Kg7 42. Ra7 Qc2 43. Rd2 Qb3 44. Kf2 Bxd5 45. b6 g5 46. Ra5
Kf8 1-0

[Event "Manhem Chessweek IM"]
[Site "www.ssmanhem.se"]
[Date "2014.08.15"]
[Round "9"]
[White "Lindgren, Philip"]
[Black "Bengtsson, Jonas"]
[Result "1-0"]
[WhiteElo "2317"]
[BlackElo "2087"]
[PlyCount "126"]
[EventDate "2014.??.??"]

1. d4 Nf6 2. c4 e6 3. Nf3 b6 4. g3 Ba6 5. Qc2 c5 6. d5 exd5 7. cxd5 d6 8. Bg2
g6 9. O-O Bg7 10. Re1 O-O 11. e4 Re8 12. Bf4 Nh5 13. Bg5 Bf6 14. Be3 Bg7 15.
Bg5 Bf6 16. Bd2 Bg7 17. Nc3 b5 18. g4 Nf6 19. e5 Nxg4 20. exd6 Rxe1+ 21. Rxe1
Nd7 22. Ne4 Bb7 23. Nxc5 Bxd5 24. Bg5 Bf6 25. Qd2 Bxf3 26. Bxf6 Ngxf6 27. Nxd7
Qxd7 28. Bxf3 Rd8 29. Rd1 Ne8 30. Qg5 Nxd6 31. h4 Re8 32. Qc5 Qf5 33. Qxf5 Nxf5
34. h5 Kg7 35. hxg6 fxg6 36. Bc6 Re7 37. Bxb5 h5 38. Kg2 Kf6 39. a4 Rc7 40. b4
Ke5 41. Be8 Rc4 42. Rb1 Nd6 43. Bd7 Rc7 44. Re1+ Kf4 45. Bh3 g5 46. Kg1 g4 47.
Bg2 h4 48. Rb1 h3 49. Bd5 Ne4 50. b5 Rc5 51. Bxe4 Kxe4 52. a5 Kf3 53. Rb3+ Ke2
54. Rb2+ Kf3 55. Kh2 Re5 56. b6 axb6 57. axb6 Re8 58. b7 Rb8 59. Kg1 Kf4 60.
Rb4+ Kf3 61. Kf1 h2 62. Rb3+ Kf4 63. Kg2 Rh8 1-0

[Event "Manhem Chessweek IM"]
[Site "www.ssmanhem.se"]
[Date "2014.08.15"]
[Round "9"]
[White "Poley, Vladimir"]
[Black "Karlsson, Lars"]
[Result "1/2-1/2"]
[WhiteElo "2290"]
[BlackElo "2426"]
[PlyCount "40"]
[EventDate "2014.??.??"]

1. d4 e6 2. e4 d5 3. exd5 exd5 4. Bd3 Bd6 5. Ne2 Nf6 6. Bf4 O-O 7. O-O Re8 8.
Bxd6 Qxd6 9. Nbc3 c6 10. Qd2 Nbd7 11. Qf4 Qxf4 12. Nxf4 Nf8 13. Rfe1 Bd7 14. f3
Rxe1+ 15. Rxe1 Re8 16. Rxe8 Nxe8 17. Kf2 Nd6 18. Nd1 Bf5 19. Bxf5 Nxf5 20. c3
Nd6 1/2-1/2

[Event "Manhem Chessweek IM"]
[Site "www.ssmanhem.se"]
[Date "2014.08.15"]
[Round "9"]
[White "Berggren Torell, Harald"]
[Black "Brüdigam, Martin"]
[Result "1/2-1/2"]
[WhiteElo "2131"]
[BlackElo "2342"]
[PlyCount "81"]
[EventDate "2014.??.??"]

1. e4 e5 2. Nf3 Nc6 3. Nc3 Nf6 4. Bb5 Bd6 5. d3 h6 6. a3 a6 7. Bc4 Bc5 8. b4
Ba7 9. O-O d6 10. h3 O-O 11. Nd5 Be6 12. Be3 Bxd5 13. Bxd5 Nxd5 14. exd5 Ne7
15. c4 f5 16. Bxa7 Rxa7 17. Nd2 Ng6 18. g3 Qg5 19. Kh2 Raa8 20. Qe2 Rae8 21.
Rae1 Kh8 22. Qe3 f4 23. Qe2 e4 24. Nxe4 f3 25. Qd2 Qh5 26. d4 Nf4 27. gxf4 Rxe4
28. Rxe4 Qg6 29. Rg1 Qxe4 30. Qe3 Qxf4+ 31. Qxf4 Rxf4 32. Rg4 Rxg4 33. hxg4 g6
34. a4 b6 35. Kg3 Kg7 36. Kxf3 Kf6 37. Kf4 g5+ 38. Ke4 Kg6 39. f3 Kf6 40. Kd3
Kg6 41. Ke4 1/2-1/2